Colori Quiz- Armocromia - Statistics

Statistiche generali
  • Questo quiz è stato fatto 37 volte
  • Il punteggio medio è 7 su 12
Statistiche sulle risposte
Domanda Risposta % Corretto
L'armocromia studia principalmente: I colori naturali della persona
94%
La stagione inverno ha generalmente un sottotono: Freddo
91%
Qual è il primo elemento necessario per definire la stagione? Il sottotono della pelle
77%
Quale colore è tipicamente neutro caldo? Cammello
69%
Una persona Estate viene valorizzata da: Azzurro polvere e lavanda
66%
Quale tonalità è considerata profonda? Borgogna
63%
L'Autunno è caratterizzato da toni: Caldi e smorzati
54%
Quali metalli valorizzano maggiormente una Primavera? Oro giallo e rose gold
49%
Quale caratteristica è tipica della Primavera? Colori brillanti e caldi
43%
Chi regge meglio i colori molto saturi e brillanti come fucsia e blu elettrico? Inverno
31%
Chi ha un contrasto molto basso potrebbe appartenere a: Estate soft
29%
Una persona che sta meglio con marrone caldo rispetto al nero è probabilmente: Inverno
9%
Nessun quiz corrispondente trovato
Distribuzione punteggi
Percentuale di utenti per punteggio
Percentile per numero di risposta
I tuoi punteggi nel tempo
Non hai fatto questo quiz